Southville International School and Colleges
Your cart is empty.
  • Cart
  • Lists
    Public lists Eva Luna New books Lux_list list_1
    Your lists Log in to create your own lists
  • Log in to your account
  • Your cookies
  • Search history
Southville International School and Colleges
  • Advanced search
  • Recent comments
  • Most popular
  • Libraries

Log in to your account

Log in with GOOGLE


If you do not have an external account, but do have a local account, you can still log in:

  1. Home
  2. MARC view: Swiss Family Robinson
Normal view MARC view ISBD view

Swiss Family Robinson (Record no. 233165)

[ view plain ]
MARC details
000 -LEADER
fixed length control field 00827cam a22002773a 4500
001 - CONTROL NUMBER
control field 3836
003 - CONTROL NUMBER IDENTIFIER
control field PGUSA
005 - DATE AND TIME OF LATEST TRANSACTION
control field 20140828083039.0
008 - FIXED-LENGTH DATA ELEMENTS--GENERAL INFORMATION
fixed length control field 030301s2003||||xxu|||||s|||||000 1 eng d
040 ## - CATALOGING SOURCE
Original cataloging agency PGUSA
Language of cataloging eng
042 ## - AUTHENTICATION CODE
Authentication code dc
050 #4 - LIBRARY OF CONGRESS CALL NUMBER
Classification number PT
050 #4 - LIBRARY OF CONGRESS CALL NUMBER
Classification number PZ
100 1# - MAIN ENTRY--PERSONAL NAME
Personal name Wyss, Johann David,
Dates associated with a name 1743-1818
245 10 - TITLE STATEMENT
Title Swiss Family Robinson
Medium [electronic resource] /
Statement of responsibility, etc Johann David Wyss
260 ## - PUBLICATION, DISTRIBUTION, ETC. (IMPRINT)
Name of publisher, distributor, etc Project Gutenberg,
Date of publication, distribution, etc 2003
500 ## - GENERAL NOTE
General note Translation of Der schweizerische Robinson.
506 ## - RESTRICTIONS ON ACCESS NOTE
Terms governing access Copyrighted. Read the copyright notice inside this book for details.
516 ## - TYPE OF COMPUTER FILE OR DATA NOTE
Type of computer file or data note Electronic text
653 ## - INDEX TERM--UNCONTROLLED
Uncontrolled term Survival -- Fiction
653 ## - INDEX TERM--UNCONTROLLED
Uncontrolled term Family life -- Fiction
653 ## - INDEX TERM--UNCONTROLLED
Uncontrolled term Islands -- Fiction
830 #0 - SERIES ADDED ENTRY--UNIFORM TITLE
Uniform title Project Gutenberg
Volume number/sequential designation 3836
856 40 - ELECTRONIC LOCATION AND ACCESS
Uniform Resource Identifier <a href="http://www.gutenberg.org/ebooks/3836">http://www.gutenberg.org/ebooks/3836</a>
942 ## - ADDED ENTRY ELEMENTS (KOHA)
Koha item type eBooks
Holdings
Withdrawn status Lost status Damaged status Home library Current library Date acquired Total Checkouts Date last seen Price effective from Koha item type
      Project Gutenberg Project Gutenberg 08/28/2014   08/28/2014 08/28/2014 eBooks

Swiss Family Robinson

APA

Wyss J. D., . (2003). Swiss Family Robinson. : Project Gutenberg.

Chicago

Wyss Johann David, . 2003. Swiss Family Robinson. : Project Gutenberg.

Harvard

Wyss J. D., . (2003). Swiss Family Robinson. : Project Gutenberg.

MLA

Wyss Johann David, . Swiss Family Robinson. : Project Gutenberg. 2003.

  • Place hold
  • Print
  • Cite
  • Add to your cart (remove)
  • Save record
    BIBTEX Dublin Core MARCXML MARC (non-Unicode/MARC-8) MARC (Unicode/UTF-8) MARC (Unicode/UTF-8, Standard) MODS (XML) RIS
  • More searches
    Search for this title in:
    Other Libraries (WorldCat) Other Databases (Google Scholar) Online Stores (Bookfinder.com) Open Library (openlibrary.org)

Exporting to Dublin Core...

SOUTHVILLE LIBRARY

Southville International School and Colleges Library

1281 Tropical Ave. Cor. Luxembourg St., BF Homes International, Las Pinas City

Tel. No. 8256374 / 252358 Loc. 117/146

Powered by Koha